000 00255nam a2200109Ia 4500
005 20260328104304.0
008 260328s9999||||xx |||||||||||||| ||und||
100 _aSófocles
245 0 _aTragedias /
_cSófocles
260 _bBiblioteca Edaf
942 _cBK
999 _c10695
_d10695